Naše Itálie

Titel: Naše Itálie : stará a mladá Itálie v české kultuře 19. století ; sborník příspěvků z 31. ročníku Sympozia k Problematice 19. Století, Plzeň, 24. - 26. února 2011 / uspoř. Zdeněk Hojda ...
Beteiligt:
Körperschaft:
Ausgabe: Vyd. 1.
Veröffentlicht: Praha : Academia, 2012
Umfang: 516 Seiten : Illustrationen
Format: Buch
Sprache: Tschechisch
Schlagworte:
ISBN: 9788020020321 ; 8020020322
Buchumschlag
X
Lokale Klassifikation: 23 15 Q ; 23 15 Ma ; 57 Italien ; 23 3 D ; 23 15 B
alg: 30556048
001A    $03004:19-07-12 
001B    $01999:03-05-24 $t08:47:53.000 
001D    $03004:11-01-13 
001U    $0utf8 
001X    $00 
002@    $0Aau 
002C    $aText $btxt $2rdacontent 
002D    $aohne Hilfsmittel zu benutzen $bn $2rdamedia 
002E    $aBand $bnc $2rdacarrier 
003@    $0305560484 
004A    $A978-80-200-2032-1 
004A    $080-200-2032-2 
007A    $0305560484 $aHEB 
007T    $0Herdhh305560484 
009P    $A2 $3Inhaltsverzeichnis $uhttp://bvbr.bib-bvb.de:8991/F?func=service&doc_library=BVB01&doc_number=024805869&line_number=0001&func_code=DB_RECORDS&service_type=MEDIA 
010@    $acze 
011@    $a2012 $n2012 
013D    $RWissenschaftliche Literatur $RAufsatzsammlung $71071861417 $8Konferenzschrift [Ts1] $9359646190 $y2011 $zPilsen 
021A    $aNaše Itálie $dstará a mladá Itálie v české kultuře 19. století ; sborník příspěvků z 31. ročníku Sympozia k Problematice 19. Století, Plzeň, 24. - 26. února 2011 $huspoř. Zdeněk Hojda ... 
028C    $#Hojda, Z. $7132909332 $8Hojda, Zdeněk$Z1953- [Tp1] $9186174128 
029F    $71023673797 $8Sympozium k problematice 19. století$n31.$d2011$cPilsen [Tf1] $930361482X 
032@    $aVyd. 1. 
033A    $pPraha $nAcademia 
034D    $a516 Seiten 
034M    $aIllustrationen 
044K    $qDNB $RTschechien $#Böhmische Kronländer $#Länder der Böhmischen Krone $#Sudetenland $#Böhmen $#Mähren $#Mährisch-Schlesien $#Österreichisch-Schlesien $#Tschechische Sozialistische Republik Böhmische Länder $#Tschechei Böhmische Länder $#Země koruny české $74069573-6 $8Böhmische Länder [Tg1] $9085195553 
044K    $qDNB $RKulturbeziehungen $RInterkulturalität $RKulturvermittlung $RKulturwandel $#Intercultural communication $#Communication interculturelle $#Comunicazione interculturale $#Comunicación intercultural $#Interkulturelle Beziehungen $#interkulturelle Kommunikation $#Interkulturelle Kommunikation $#Interkultureller Austausch $#Interkultureller Kontakt $#Kulturbegegnung $#Kulturberührung $#Interethnik $#Interethnische Beziehungen $74033569-0 $8Kulturkontakt [Ts1] $9085089664 
044K    $qDNB $RKönigreich Sardinien $RRepublik von Salò $#Italy $#Italien $#Italien $#Italia $#Königreich Italien $#Repubblica Italiana $#Italiya Respublikasi $#Italijos Respublika $#Olaszorszaǵ $#Olasz Koz͏̈taŕsasaǵ $#Regno d'Italia 1861- $#Italienische Republik $#République Italienne $#Yidali-gongheguo $#Italy $74027833-5 $8Italien [Tgz] $9085071234 
044K    $qDNB $RKulturphilosophie $RZivilisation $#Civilization $#Culture $#Civilisation $#Culture $#Cultura $#Civilización $#Kultur $#Kultur $#kulturelle Faktoren $74125698-0 $8Kultur [Tsz] $9085424803 
045F    $eDDC22ger 
045F/01 $a306.09 
045F/03 $f09034 
045F/03 $g4371 
045G    $a306.09437109034 $eDDC23BSB 
045G/01 $a306.09 
045G/03 $f09034 
045G/03 $g4371 
045H    $a305.80094371 $eDDC23BSB 
045H/01 $a305.8009 
045H/03 $g4371 
045I    $a370.94371 $eDDC23BSB 
045I/01 $a370.9 
045I/03 $g4371 
045R    $aGeschichte 1800-1900 
046L    $aZusammenfassungen d. einzeln. Beiträge in deutscher und italienischer Sprache 

lok: 30556048 24
101B    $011-01-13 $t10:46:35.000 
101C    $011-01-13 
101U    $0utf8 
145Z/01 $a23 15 Q 
145Z/02 $a23 15 Ma 
145Z/03 $a57 Italien 
145Z/04 $a23 3 D 
145Z/05 $a23 15 B 

exp: 30556048 24 1 #EPN
201B/01 $011-01-13 $t10:46:35.000 
201C/01 $008-03-12 
201U/01 $0utf8 
203@/01 $063922072X 
208@/01 $a11-01-13 $bz 
209A/01 $a12.01964 $du $f050 $h12 01964 $x00 
209A/01 $a2012-Kosmas-19-07-12 $x02 
209C/01 $a12.01964 K $h12 01964 K 
209G/01 $a73031893 $x00 
220C/01 $akon 
220C/01 $akon/B-Ex. verseh. bei Kosmas best. 
247C/01 $8358050-7 Marburg, Bibliothek des Herder-Instituts Marburg $9102600961 

lok: 30556048 78

exp: 30556048 78 1 #EPN
201B/01 $026-11-17 $t00:33:47.000 
201U/01 $0utf8 
203@/01 $079393043X 
208@/01 $a12-11-16 $be 
209A/01 $a/ $f000 $x00 
244Z/01 $#Tschechien $#Tschechische Republik $#Tschechische Republik $#Tschechenland $#Tschechei Tschechien $#Česká Republika $#Czech Republic $#ČR $74303381-7 $8--Tg1--Tschechien $x01 $9086659812 
244Z/01 $2Trx $#Böhmen $#Bohemia $#Czechy $8--Trx--Čechy $x02 $9391188941 
244Z/01 $aGeschichte 1800-1900 $x03 
244Z/01 $2Trx $#dzieło zbiorowe $8--Trx--Sammelwerk $x04 $9391384597 
247C/01 $82080>Marburg/Lahn, Herder-Institut, Forschungsbibliothek, Bibliographieportal $9336309341
LEADER 00000cam a2200000 c 4500
001 305560484
003 DE-603
005 20240503084753.0
007 tu
008 120719s2012 xx |||| | u10||u|cze c
020 |a 9788020020321 
020 |a 8020020322 
035 |a (DE-599)HEB305560484 
040 |a DE-603  |b ger  |c DE-603  |d DE-603 
041 |a cze 
083 0 |8 2\u  |a 306.09437109034  |q DE-101  |2 23/BSB 
083 0 |8 3\u  |a 305.80094371  |q DE-101  |2 23/BSB 
083 0 |8 4\u  |a 370.94371  |q DE-101  |2 23/BSB 
085 |8 1\u  |b 306.09 
085 |8 1\u  |z 1  |s 09034 
085 |8 1\u  |z 2  |s 4371 
085 |8 2\u  |b 306.09 
085 |8 2\u  |z 1  |s 09034 
085 |8 2\u  |z 2  |s 4371 
085 |8 3\u  |b 305.8009 
085 |8 3\u  |z 2  |s 4371 
085 |8 4\u  |b 370.9 
085 |8 4\u  |z 2  |s 4371 
245 0 0 |a Naše Itálie  |b stará a mladá Itálie v české kultuře 19. století ; sborník příspěvků z 31. ročníku Sympozia k Problematice 19. Století, Plzeň, 24. - 26. února 2011  |c uspoř. Zdeněk Hojda ... 
250 |a Vyd. 1. 
264 1 |a Praha  |b Academia  |c 2012 
300 |a 516 Seiten  |b Illustrationen 
336 |a Text  |b txt  |2 rdacontent 
337 |a ohne Hilfsmittel zu benutzen  |b n  |2 rdamedia 
338 |a Band  |b nc  |2 rdacarrier 
546 |a Zusammenfassungen d. einzeln. Beiträge in deutscher und italienischer Sprache 
648 7 |a Geschichte 1800-1900  |2 gnd 
650 7 |a Kulturkontakt  |0 (DE-588)4033569-0  |0 (DE-603)085089664  |2 gnd 
650 7 |a Kultur  |0 (DE-588)4125698-0  |0 (DE-603)085424803  |2 gnd 
651 7 |a Böhmische Länder  |0 (DE-588)4069573-6  |0 (DE-603)085195553  |2 gnd 
651 7 |a Italien  |0 (DE-588)4027833-5  |0 (DE-603)085071234  |2 gnd 
655 7 |a Konferenzschrift  |y 2011  |z Pilsen  |2 gnd-content  |0 (DE-588)1071861417  |0 (DE-603)359646190 
700 1 |a Hojda, Zdeněk  |d 1953-  |0 (DE-603)186174128  |0 (DE-588)132909332  |2 gnd 
711 2 |a Sympozium k problematice 19. století  |n 31.  |d 2011  |c Pilsen  |0 (DE-603)30361482X  |0 (DE-588)1023673797  |2 gnd 
856 4 2 |u http://bvbr.bib-bvb.de:8991/F?func=service&doc_library=BVB01&doc_number=024805869&line_number=0001&func_code=DB_RECORDS&service_type=MEDIA  |3 Inhaltsverzeichnis 
924 0 |9 Mb 50  |a (DE-603)63922072X  |b DE-Mb50  |c HES  |d c  |g 12.01964 
924 0 |9 2080  |a (DE-603)79393043X  |b DE-2080  |c HES  |d d  |g /